000 00943cam a2200217 4500
001 WB3935-12
008 030917n2003 000 0 eng u
035 _a(Sirsi) u123645
245 _aProbe into resistance to high densities
260 _c2003
490 _aPlanning (for the Natural and Built Environment)
_v(1536) 12 September 2003, 3(1)
520 _aPlanning committees in the southeast will be surveyed by consultancy Urbed, on behalf of the South East Regional Assembly, to find out why committee members are resisting high-density housing. This resistance is undermining efforts to accomodate a higher proportion of homes on brownfield sites.
590 _aWB
650 _aURBAN REGENERATION
650 _aHOUSING DEVELOPMENTS
650 _aBROWNFIELD DEVELOPMENT
650 _aHIGH DENSITY HOUSING
650 _aSOUTHEAST ENGLAND
690 _aENVIRONMENTAL AND LAND CONSULTANCY-PLANNING AND DEVELOPMENT
942 _n0
999 _c73425
_d73425